Normal view
MARC view
- Budd Harold
Entry Personal Name
001 - CONTROL NUMBER
- control field: 2237
003 - CONTROL NUMBER IDENTIFIER
- control field: IT-RoPau
005 - DATE AND TIME OF LATEST TRANSACTION
- control field: 20131116123552.0
008 - FIXED-LENGTH DATA ELEMENTS
- fixed length control field: 131116|| aca||aabn | a|a d
040 ## - CATALOGING SOURCE
- Original cataloging agency: IT-RoPau
- Transcribing agency: IT-RoPau
100 ## - HEADING--PERSONAL NAME
- Personal name: Budd Harold
- Relator term: Autore
- Miscellaneous information: Codice autore SPICS: 8712
- Name of part/section of a work: Steal Away
670 ## - SOURCE DATA FOUND
- Source citation: Work cat.: (IT-RoPau)102528: Eno Brian 2234, Ambient 2 the Plateaux of Mirror (Lp 2335 205)